[Event "FRA-chT1 0910"]
[Site "France"]
[Date "2009.10.18"]
[Round "3.7"]
[White "Soupizon, Remi"]
[Black "Lohou, Stephane"]
[Result "0-1"]
[WhiteElo "2047"]
[BlackElo "2158"]
[PlyCount "58"]
[EventDate "2009.09.27"]
[EventType "team-match"]
[EventRounds "11"]
[EventCountry "FRA"]
[SourceDate "2009.07.26"]

1. e4 c5 2. Nc3 e6 3. f4 a6 4. Nf3 Nc6 5. d4 cxd4 6. Nxd4 Qc7 7. Be3 b5 8. Nb3
Nf6 9. Bd3 d6 10. Qf3 Bb7 11. O-O-O Na5 12. Nxa5 Qxa5 13. Kb1 Rc8 14. Bd2 b4
15. Ne2 d5 16. e5 Ne4 17. Be1 Qb6 18. Ka1 Bc5 19. Rf1 f5 20. exf6 Nxf6 21. g4
O-O 22. g5 Ne4 23. Ng3 Nxg5 24. Qg4 Ne4 25. Nxe4 dxe4 26. Bc4 Rce8 27. f5 Kh8
28. Rd2 Bd4 29. Bf2 e5 {suite illisible} 0-1

[Event "FRA-chT1 0910"]
[Site "France"]
[Date "2009.10.18"]
[Round "3.8"]
[White "Cochet, Caroline"]
[Black "Rachid, Danial"]
[Result "1/2-1/2"]
[WhiteElo "2033"]
[BlackElo "1947"]
[PlyCount "56"]
[EventDate "2009.09.27"]
[EventType "team-match"]
[EventRounds "11"]
[EventCountry "FRA"]
[SourceDate "2009.07.26"]

1. e4 e6 2. d3 d5 3. Nd2 Nf6 4. Ngf3 Nc6 5. e5 Nd7 6. d4 Be7 7. g3 O-O 8. Bh3
Kh8 9. O-O f6 10. exf6 Bxf6 11. Bxe6 Nxd4 12. Nxd4 Bxd4 13. Nf3 Bb6 14. Qxd5
Qf6 15. Bf4 c6 16. Qc4 Ne5 17. Nxe5 Bxe6 18. Qe2 Rae8 19. Ng4 Qg6 20. Ne5 Qf6
21. Qh5 Bf5 22. Rae1 g6 23. Qh6 Bd4 24. Bg5 Qg7 25. Nc4 Bxc2 26. Qxg7+ Kxg7 27.
Be3 Bxe3 28. Rxe3 Rxe3 1/2-1/2

[Event "FRA-chT1 0910"]
[Site "France"]
[Date "2009.10.18"]
[Round "3.3"]
[White "Lagarde, Maxime"]
[Black "Babault, Patrice"]
[Result "0-1"]
[WhiteElo "2398"]
[BlackElo "2366"]
[PlyCount "71"]
[EventDate "2009.09.27"]
[EventType "team-match"]
[EventRounds "11"]
[EventCountry "FRA"]
[SourceDate "2009.07.26"]

1. e4 c5 2. Nf3 e6 3. d4 cxd4 4. Nxd4 Nc6 5. Nb5 d6 6. Bf4 e5 7. Be3 a6 8. N5c3
Nf6 9. Bg5 Be7 10. Bxf6 Bxf6 11. Nd5 Bg5 12. h4 Bh6 13. g3 O-O 14. Bh3 Be6 15.
c3 Ne7 16. Na3 Nxd5 17. exd5 Bxh3 18. Rxh3 Re8 19. Qe2 Qa5 20. g4 Bf4 21. Qe4
Rac8 22. Nc4 Qc5 23. Ne3 Bxe3 24. Rxe3 Qb5 25. b3 Qa5 26. Qd3 e4 27. Qd2 Qd8
28. g5 Qd7 29. O-O-O Qg4 30. Rh1 Re5 31. Kb2 b5 32. Qd4 Qg2 33. Rhe1 Qxf2+ 34.
R1e2 Qxh4 35. Qb6 Qxg5 36. Qxa6 {suite illisible} 0-1

[Event "FRA-chT1 0910"]
[Site "France"]
[Date "2009.10.18"]
[Round "3.4"]
[White "Pira, Davoud"]
[Black "Camacho Collados, Jose"]
[Result "0-1"]
[WhiteElo "2382"]
[BlackElo "2401"]
[PlyCount "64"]
[EventDate "2009.09.27"]
[EventType "team-match"]
[EventRounds "11"]
[EventCountry "FRA"]
[SourceDate "2009.07.26"]

1. d4 Nf6 2. Nf3 g6 3. g3 Bg7 4. Bg2 O-O 5. O-O d5 6. c4 dxc4 7. Na3 Nc6 8.
Nxc4 Be6 9. b3 a5 10. a4 Bd5 11. Bb2 Qb8 12. Rc1 Rd8 13. Nce5 Ra6 14. Nxc6 Rxc6
15. Nd2 Bxg2 16. Kxg2 Ne8 17. e3 Rxc1 18. Qxc1 b5 19. Qc3 bxa4 20. bxa4 c5 21.
Qxa5 cxd4 22. Rb1 Qb7+ 23. e4 Ra8 24. Bxd4 Rxa5 25. Rxb7 Bxd4 26. Rxe7 Kf8 27.
Rd7 Rxa4 28. Nf3 Bf6 29. e5 Be7 30. Nd2 Ng7 31. f4 Ne6 32. Rd3 Rxf4 0-1

[Event "FRA-chT1 0910"]
[Site "France"]
[Date "2009.10.18"]
[Round "3.5"]
[White "Sorbe, Stephane"]
[Black "San Emeterio Cabanes, Jose Luis"]
[Result "0-1"]
[WhiteElo "2351"]
[BlackElo "2396"]
[PlyCount "100"]
[EventDate "2009.09.27"]
[EventType "team-match"]
[EventRounds "11"]
[EventCountry "FRA"]
[SourceDate "2009.07.26"]

1. e4 c5 2. Nc3 Nc6 3. g3 g6 4. Bg2 Bg7 5. d3 e5 6. f4 d6 7. Nh3 Nge7 8. O-O
O-O 9. f5 gxf5 10. Qh5 f6 11. exf5 Qe8 12. Qd1 Bxf5 13. g4 Be6 14. Ne4 Qd7 15.
Nhf2 Ng6 16. Be3 Nce7 17. c4 Kh8 18. Rb1 f5 19. gxf5 Nxf5 20. Bg5 Nf4 21. Bxf4
exf4 22. Ng5 Ne3 23. Qh5 Bf5 24. Be4 Qe8 25. Qxe8 Raxe8 26. Rfe1 Bd4 27. Kh1
Bxe4+ 28. Ngxe4 Re6 29. Rg1 Nf5 30. Rg4 Bxf2 31. Nxf2 Ne3 32. Rg5 h6 33. Rgg1
b6 34. Rbe1 Rfe8 35. Ne4 d5 36. cxd5 Nxd5 37. Rc1 Nb4 38. Nf2 Re2 39. Rcf1 Rxb2
40. a3 Nd5 41. Rg6 Kh7 42. Rd6 Ne3 43. Ne4 Nxf1 44. Nf6+ Kg7 45. Nxe8+ Kf7 46.
Nf6 Ne3 47. Kg1 f3 48. Ne4 Ng4 49. Ng3 Rg2+ 50. Kf1 Nxh2+ 0-1

[Event "FRA-chT1 0910"]
[Site "France"]
[Date "2009.10.18"]
[Round "3.6"]
[White "Lamorelle, Julien"]
[Black "Beudaert, Xavier"]
[Result "0-1"]
[WhiteElo "2229"]
[BlackElo "2338"]
[PlyCount "90"]
[EventDate "2009.09.27"]
[EventType "team-match"]
[EventRounds "11"]
[EventCountry "FRA"]
[SourceDate "2009.07.26"]

1. e4 c5 2. Nf3 e6 3. d4 cxd4 4. Nxd4 a6 5. Bd3 Bc5 6. Nb3 Be7 7. O-O Nc6 8. c4
Nf6 9. Nc3 O-O 10. f4 d6 11. Qf3 Bd7 12. c5 e5 13. cxd6 Bxd6 14. f5 Nd4 15. Qg3
Qb6 16. Kh1 Nxf5 17. Qe1 Ne7 18. Bg5 Ne8 19. Qh4 f6 20. Nd5 Qd8 21. Bc4 Kh8 22.
Bd2 b5 23. Ba5 Qb8 24. Nxe7 Bxe7 25. Bd5 Ra7 26. Rac1 Nc7 27. Bc6 Ne6 28. Bxd7
Rxd7 29. Qg4 Qd6 30. Rfd1 Nd4 31. Nc5 Ra7 32. Rxd4 exd4 33. Ne6 Rg8 34. Rc8 g6
35. Rxg8+ Kxg8 36. Nf4 Qc6 37. Nd3 Qc2 38. Qf3 Qb1+ 39. Ne1 Qxa2 40. Bb6 Rd7
41. h4 Qa1 42. Qg3 Bd6 43. Qf2 Bb4 44. Qxf6 Qxe1+ 45. Kh2 Bd6+ 0-1

[Event "FRA-chT1 0910"]
[Site "France"]
[Date "2009.10.18"]
[Round "3.7"]
[White "Daurelle, Herve"]
[Black "Lamorelle, Yves"]
[Result "1/2-1/2"]
[WhiteElo "2234"]
[BlackElo "2201"]
[PlyCount "70"]
[EventDate "2009.09.27"]
[EventType "team-match"]
[EventRounds "11"]
[EventCountry "FRA"]
[SourceDate "2009.07.26"]

1. e4 e5 2. Nf3 Nc6 3. Bb5 a6 4. Ba4 Nf6 5. O-O Be7 6. Re1 b5 7. Bb3 O-O 8. c3
d6 9. h3 Nd7 10. d4 Bf6 11. a4 Bb7 12. Na3 Re8 13. d5 Ne7 14. axb5 axb5 15. Bg5
Bxg5 16. Nxg5 h6 17. Nf3 Nc5 18. Bc2 c6 19. b4 Na6 20. dxc6 Bxc6 21. Bb3 Ng6
22. g3 Nc7 23. h4 Qf6 24. Nh2 d5 25. Ng4 Qd6 26. Ne3 Rad8 27. Qf3 Ne7 28. Rad1
Qg6 29. exd5 e4 30. Qf4 Ncxd5 31. Nxd5 Bxd5 32. Bc2 Qc6 33. Bxe4 Qxc3 34. Nxb5
Qc6 35. Nd4 Qc4 1/2-1/2

[Event "FRA-chT1 0910"]
[Site "France"]
[Date "2009.10.18"]
[Round "3.8"]
[White "Lamorelle, Camille"]
[Black "Bonvalot, Isabelle"]
[Result "1-0"]
[WhiteElo "1758"]
[BlackElo "1925"]
[PlyCount "71"]
[EventDate "2009.09.27"]
[EventType "team-match"]
[EventRounds "11"]
[EventCountry "FRA"]
[SourceDate "2009.07.26"]

1. e4 g6 2. d4 Bg7 3. c3 d6 4. f4 a6 5. Bd3 Nd7 6. Nf3 c5 7. d5 b5 8. a4 c4 9.
Bc2 Qa5 10. Nbd2 Nc5 11. O-O Nh6 12. h3 O-O 13. Nd4 Bb7 14. N2f3 Rac8 15. f5
gxf5 16. Bxh6 Bxh6 17. Nxf5 Bg7 18. Nxe7+ Kh8 19. Nxc8 Bxc8 20. Kh1 Qc7 21.
axb5 axb5 22. Nd4 Bd7 23. Qh5 Be8 24. e5 f5 25. Qh4 Bxe5 26. Rxf5 Rg8 27. Raf1
Nd3 28. Rf8 Qg7 29. Rxg8+ Qxg8 30. Qe7 Nf4 31. Rxf4 Bxf4 32. Qf6+ Qg7 33. Qxf4
Bd7 34. Qxd6 Qf7 35. Nf3 Bxh3 36. Qb8+ 1-0

[Event "FRA-chT1 0910"]
[Site "France"]
[Date "2009.10.18"]
[Round "3.1"]
[White "Bergez, Luc"]
[Black "Gharamian, Tigran"]
[Result "0-1"]
[WhiteElo "2369"]
[BlackElo "2614"]
[PlyCount "76"]
[EventDate "2009.09.27"]
[EventType "team-match"]
[EventRounds "11"]
[EventCountry "FRA"]
[SourceDate "2009.07.26"]
[BlackTeam "Cappelle"]

1. e4 g6 2. d4 Bg7 3. Nc3 c6 4. Be3 d5 5. Qd2 dxe4 6. Nxe4 Nd7 7. Bc4 Ngf6 8.
Nxf6+ Nxf6 9. Nf3 O-O 10. O-O Ne4 11. Qe2 Nd6 12. Bb3 Bg4 13. h3 Bxf3 14. Qxf3
a5 15. a4 e6 16. g4 Rc8 17. c4 Qb6 18. Qd1 Qc7 19. Bf4 Qd8 20. Re1 b6 21. Qd2
Nb7 22. Rad1 Re8 23. Bc2 c5 24. d5 exd5 25. Rxe8+ Qxe8 26. Qxd5 Nd8 27. Bc7 Bd4
28. Bxb6 Qe2 29. Rxd4 cxd4 30. Bxd8 Qxc2 31. Qd7 Qc1+ 32. Kg2 Qxc4 33. Qe8+ Kg7
34. Qe5+ Kg8 35. Qe8+ Kg7 36. Qe5+ f6 37. Bxf6+ Kg8 38. Qxd4 Kf7 0-1

[Event "FRA-chT1 0910"]
[Site "France"]
[Date "2009.10.18"]
[Round "3.3"]
[White "Moussard, Jules"]
[Black "Jossien, Arnaud"]
[Result "1-0"]
[WhiteElo "2344"]
[BlackElo "2382"]
[PlyCount "51"]
[EventDate "2009.09.27"]
[EventType "team-match"]
[EventRounds "11"]
[EventCountry "FRA"]
[SourceDate "2009.07.26"]

1. e4 d6 2. d4 g6 3. Nc3 Bg7 4. f4 Nf6 5. e5 Nfd7 6. Nf3 O-O 7. e6 fxe6 8. Ng5
Nb6 9. Bd3 Bd7 10. h4 h6 11. Bxg6 Nc6 12. Qh5 Nxd4 13. Be3 Nf5 14. Bf2 e5 15.
fxe5 dxe5 16. O-O-O Nd6 17. Nce4 Rf4 18. Be3 Bg4 19. Bh7+ Kh8 20. Qg6 Bf5 21.
Nf7+ Nxf7 22. Rxd8+ Rxd8 23. Qxf7 Bxe4 24. Bxf4 Bxh7 25. Qxe7 Rd7 26. Qe8+ 1-0

[Event "FRA-chT1 0910"]
[Site "France"]
[Date "2009.10.18"]
[Round "3.4"]
[White "Carlier, Bruno"]
[Black "Guichard, Pauline"]
[Result "1-0"]
[WhiteElo "2397"]
[BlackElo "2304"]
[PlyCount "47"]
[EventDate "2009.09.27"]
[EventType "team-match"]
[EventRounds "11"]
[EventCountry "FRA"]
[SourceDate "2009.07.26"]

1. Nf3 Nf6 2. g3 d5 3. Bg2 Bf5 4. c4 c6 5. cxd5 cxd5 6. Qb3 Qc8 7. Nc3 e6 8. d3
Be7 9. Bf4 O-O 10. Rc1 Nc6 11. O-O Qd7 12. e4 Bg4 13. Ne5 Nxe5 14. Bxe5 dxe4
15. dxe4 Bd6 16. Bxd6 Qxd6 17. h3 Bh5 18. Rfe1 e5 19. Nd5 b6 20. Rc6 Qd8 21. g4
Bg6 22. Nxf6+ gxf6 23. Rd1 Qe7 24. Qb4 1-0

[Event "FRA-chT1 0910"]
[Site "France"]
[Date "2009.10.18"]
[Round "3.5"]
[White "Perrin, Guillaume"]
[Black "Jossien, Remy"]
[Result "1/2-1/2"]
[WhiteElo "2318"]
[BlackElo "2264"]
[PlyCount "105"]
[EventDate "2009.09.27"]
[EventType "team-match"]
[EventRounds "11"]
[EventCountry "FRA"]
[SourceDate "2009.07.26"]

1. e4 e5 2. Nf3 Nc6 3. Bb5 a6 4. Bxc6 dxc6 5. O-O Bg4 6. h3 Bxf3 7. Qxf3 Qf6 8.
Qxf6 Nxf6 9. d3 Bd6 10. Be3 O-O 11. Nd2 Nd7 12. Nc4 f6 13. c3 Rfe8 14. f3 Bf8
15. Rfd1 c5 16. a3 a5 17. a4 Re6 18. f4 g6 19. f5 Ree8 20. g4 b6 21. Rd2 gxf5
22. gxf5 Kf7 23. Rg2 Bd6 24. Kf2 Rg8 25. Rag1 Rxg2+ 26. Rxg2 Rg8 27. Nxd6+ cxd6
28. Rxg8 Kxg8 29. Ke2 Kf7 30. Kd2 Ke7 31. Kc2 Kd8 32. Kb3 Kc7 33. Kc4 Nb8 34.
Bh6 Kc6 35. Bg7 Nd7 36. Bh8 d5+ 37. exd5+ Kd6 38. Bg7 e4 39. dxe4 Ke5 40. Kd3
Kf4 41. Kc4 Kxe4 42. Kb5 Kxd5 43. b3 Ke5 44. Kc6 c4 45. b4 axb4 46. cxb4 Nb8+
47. Kb7 Kxf5 48. Kxb8 Kg6 49. Bf8 c3 50. Bd6 Kf5 51. Bf8 Kg6 52. Bd6 Kf5 53.
Bf8 1/2-1/2

[Event "FRA-chT1 0910"]
[Site "France"]
[Date "2009.10.18"]
[Round "3.6"]
[White "Platel, Alexandre"]
[Black "Justo, Damian"]
[Result "0-1"]
[WhiteElo "2244"]
[BlackElo "2323"]
[PlyCount "92"]
[EventDate "2009.09.27"]
[EventType "team-match"]
[EventRounds "11"]
[EventCountry "FRA"]
[SourceDate "2009.07.26"]

1. e4 e6 2. d4 d5 3. Nc3 Bb4 4. Nge2 dxe4 5. a3 Be7 6. Nxe4 Nc6 7. Be3 Nf6 8.
N2c3 O-O 9. Ng3 b6 10. Be2 Bb7 11. O-O Qc8 12. Qe1 Rd8 13. Rd1 Na5 14. b4 Nc6
15. Nb1 e5 16. c3 exd4 17. cxd4 Nb8 18. Rc1 Re8 19. Qd1 Nd5 20. Bc4 Nd7 21. Nd2
N7f6 22. Nf3 Bd6 23. Qb3 Qd7 24. Bg5 b5 25. Bd3 a6 26. Bf5 Qd8 27. Ne4 h6 28.
Bh4 Bf4 29. Rce1 g5 30. Bg3 Bc8 31. Nxf6+ Nxf6 32. Bxf4 Bxf5 33. Rxe8+ Nxe8 34.
Be5 Be6 35. Qc2 Bd5 36. Nd2 Qd7 37. Ne4 Qe6 38. Nc5 Qe7 39. Qf5 Rd8 40. Qh3 f6
41. Bg3 Kg7 42. Qf5 Bc4 43. f3 Nd6 44. Qh3 Bxf1 45. Ne6+ Kg6 46. Nxd8 Bc4 0-1

[Event "FRA-chT1 0910"]
[Site "France"]
[Date "2009.10.18"]
[Round "3.8"]
[White "Houck, Veronique"]
[Black "Betton, Olivier"]
[Result "0-1"]
[WhiteElo "1733"]
[BlackElo "2183"]
[PlyCount "74"]
[EventDate "2009.09.27"]
[EventType "team-match"]
[EventRounds "11"]
[EventCountry "FRA"]
[SourceDate "2009.07.26"]

1. f4 d5 2. Nf3 Nf6 3. d4 e6 4. e3 Bd6 5. Be2 O-O 6. O-O Ne4 7. Nbd2 Nxd2 8.
Bxd2 f6 9. c4 b6 10. b4 c6 11. c5 Bc7 12. a4 Nd7 13. Qc2 bxc5 14. bxc5 Rb8 15.
Rab1 Rxb1 16. Qxb1 e5 17. fxe5 fxe5 18. e4 exd4 19. Nxd4 Rxf1+ 20. Bxf1 Qf6 21.
Qb4 dxe4 22. Bc4+ Kh8 23. Ne6 Be5 24. Ng5 Bd4+ 25. Kh1 Bxc5 26. Nf7+ Qxf7 27.
Bxf7 Bxb4 28. Bxb4 Ne5 29. Be8 Bd7 30. Bh5 Bg4 31. Be8 e3 32. Kg1 e2 33. h3 Be6
34. Bd2 Nd3 35. Bxc6 e1=Q+ 36. Bxe1 Nxe1 37. Bb5 Nc2 0-1

[Event "FRA-chT1 0910"]
[Site "France"]
[Date "2009.10.18"]
[Round "3.1"]
[White "Kulaots, Kaido"]
[Black "Picard, Romain"]
[Result "1-0"]
[WhiteElo "2575"]
[BlackElo "2403"]
[PlyCount "45"]
[EventDate "2009.09.27"]
[EventType "team-match"]
[EventRounds "11"]
[EventCountry "FRA"]
[SourceDate "2009.07.26"]
[WhiteTeam "Gif/yvette"]

1. e4 e5 2. Nf3 d6 3. d4 exd4 4. Nxd4 Nf6 5. Nc3 Be7 6. g3 d5 7. e5 Ng4 8. Bg2
O-O 9. f4 c6 10. h3 Nh6 11. g4 Bc5 12. Be3 b5 13. Qd2 Qb6 14. Nce2 Kh8 15. f5
Ng8 16. b4 Bxd4 17. Bxd4 Qd8 18. h4 f6 19. e6 a5 20. Nf4 axb4 21. g5 Re8 22.
Qe2 Qd6 23. O-O 1-0

[Event "FRA-chT1 0910"]
[Site "France"]
[Date "2009.10.18"]
[Round "3.2"]
[White "Bedouin, Xavier"]
[Black "Spraggett, Kevin"]
[Result "0-1"]
[WhiteElo "2353"]
[BlackElo "2594"]
[PlyCount "80"]
[EventDate "2009.09.27"]
[EventType "team-match"]
[EventRounds "11"]
[EventCountry "FRA"]
[SourceDate "2009.07.26"]
[BlackTeam "Gif/yvette"]

1. e4 Nf6 2. e5 Nd5 3. d4 d6 4. Nf3 g6 5. Bc4 c6 6. O-O Bg7 7. exd6 Qxd6 8. Re1
O-O 9. Bg5 Re8 10. Nbd2 Bg4 11. h3 Bxf3 12. Nxf3 Nd7 13. c3 e6 14. Qd2 b5 15.
Bf1 a6 16. a4 Qf8 17. Qc2 Rec8 18. Bh4 c5 19. dxc5 Qxc5 20. axb5 axb5 21. Qb3
b4 22. c4 N5f6 23. Bg5 Qb6 24. Be3 Nc5 25. Bxc5 Qxc5 26. Rxa8 Rxa8 27. Re5 Qe7
28. Rb5 Bf8 29. Ne5 Ne4 30. Qf3 f5 31. Bd3 Ra1+ 32. Kh2 Re1 33. g3 Qc7 34. b3
Nd6 35. Nc6 Nxb5 36. cxb5 Bc5 37. Bc4 Qd6 38. h4 Kg7 39. h5 e5 40. hxg6 hxg6
0-1

[Event "FRA-chT1 0910"]
[Site "France"]
[Date "2009.10.18"]
[Round "3.3"]
[White "Seret, Jean Luc"]
[Black "Velikov, Petar"]
[Result "0-1"]
[WhiteElo "2398"]
[BlackElo "2425"]
[PlyCount "76"]
[EventDate "2009.09.27"]
[EventType "team-match"]
[EventRounds "11"]
[EventCountry "FRA"]
[SourceDate "2009.07.26"]
[BlackTeam "Migne"]

1. e4 c5 2. Nf3 e6 3. c3 Nf6 4. d3 d5 5. Qe2 Be7 6. e5 Nfd7 7. g3 Nc6 8. h4 b5
9. Bh3 b4 10. O-O bxc3 11. bxc3 Ba6 12. Bf4 Nb6 13. a4 Na5 14. Nbd2 Qd7 15.
Rfc1 O-O 16. h5 Rab8 17. h6 g6 18. Bg5 Bxg5 19. Nxg5 Qe7 20. f4 c4 21. d4 Nb3
22. Nxb3 cxb3 23. Qf2 Bd3 24. Qd2 Bc2 25. Bf1 Rfc8 26. Rxc2 bxc2 27. Ba6 Nc4
28. Qxc2 Rc6 29. Bb5 Rc7 30. Qd3 Rb6 31. g4 a6 32. Bxc4 Rxc4 33. Ne4 Qh4 34.
Nf6+ Kh8 35. Rb1 Rxb1+ 36. Qxb1 Qg3+ 37. Kh1 Qh3+ 38. Kg1 Qxc3 0-1

[Event "FRA-chT1 0910"]
[Site "France"]
[Date "2009.10.18"]
[Round "3.5"]
[White "Gervais, Victor"]
[Black "Saada, Julien"]
[Result "1-0"]
[WhiteElo "2308"]
[BlackElo "2328"]
[PlyCount "67"]
[EventDate "2009.09.27"]
[EventType "team-match"]
[EventRounds "11"]
[EventCountry "FRA"]
[SourceDate "2009.07.26"]

1. d4 d5 2. c4 e6 3. Nc3 Nf6 4. Bg5 c6 5. Nf3 Nbd7 6. Qc2 h6 7. Bh4 dxc4 8. e4
g5 9. Bg3 b5 10. Be2 Bb7 11. O-O Bb4 12. a3 Bxc3 13. bxc3 O-O 14. Bd6 Re8 15.
e5 Nd5 16. Nd2 c5 17. Bh5 Nf8 18. dxc5 Nf4 19. Bf3 Bxf3 20. Nxf3 N8g6 21. Qe4
Nd5 22. Rfc1 Ngf4 23. g3 Nd3 24. Rc2 Qa5 25. h4 Nxc3 26. Qg4 Nd5 27. hxg5 h5
28. Qxh5 Ne7 29. Bxe7 Rxe7 30. Kg2 f5 31. gxf6 Rh7 32. Qg6+ Kh8 33. Ng5 Qc7 34.
f7 1-0

[Event "FRA-chT1 0910"]
[Site "France"]
[Date "2009.10.18"]
[Round "3.7"]
[White "Seret, Jean Renaud"]
[Black "Picard, Clement"]
[Result "1/2-1/2"]
[WhiteElo "2178"]
[BlackElo "2179"]
[PlyCount "66"]
[EventDate "2009.09.27"]
[EventType "team-match"]
[EventRounds "11"]
[EventCountry "FRA"]
[SourceDate "2009.07.26"]

1. e4 e6 2. d4 d5 3. Nd2 Be7 4. Ngf3 Nf6 5. Bd3 c5 6. exd5 exd5 7. dxc5 Bxc5 8.
Nb3 Qe7+ 9. Qe2 Qxe2+ 10. Kxe2 Bb6 11. Re1 O-O 12. Kf1 h6 13. Be3 Bxe3 14. Rxe3
Nc6 15. c3 Bg4 16. Nfd4 Rfe8 17. Rae1 Rxe3 18. Rxe3 Re8 19. Rxe8+ Nxe8 20. f3
Bd7 21. Nxc6 bxc6 22. Nc5 Bc8 23. Ke2 Kf8 24. Ke3 Ke7 25. Kd4 Kd6 26. b4 Nc7
27. a4 Ne6+ 28. Nxe6 Bxe6 29. f4 f6 30. g3 Bd7 31. Bg6 Be6 32. Bd3 Bd7 33. Bg6
Be6 1/2-1/2

[Event "FRA-chT1 0910"]
[Site "France"]
[Date "2009.10.18"]
[Round "3.1"]
[White "Roser, Kevin"]
[Black "Demuth, Adrien"]
[Result "1/2-1/2"]
[WhiteElo "2433"]
[BlackElo "2388"]
[PlyCount "77"]
[EventDate "2009.09.27"]
[EventType "team-match"]
[EventRounds "11"]
[EventCountry "FRA"]
[SourceDate "2009.07.26"]
[WhiteTeam "Issy Les Moulineaux"]

1. e4 c5 2. Nf3 Nc6 3. d4 cxd4 4. Nxd4 Nf6 5. Nc3 d6 6. Bg5 e6 7. Qd2 a6 8.
O-O-O Bd7 9. f4 b5 10. Bxf6 gxf6 11. Kb1 Qb6 12. Nxc6 Bxc6 13. f5 Qc5 14. Bd3
b4 15. Ne2 e5 16. c3 Rb8 17. cxb4 Qxb4 18. Qxb4 Rxb4 19. Nc3 Rg8 20. g3 Kd7 21.
Rhe1 Rg4 22. Bc2 Be7 23. Nd5 Bxd5 24. Rxd5 Bd8 25. a3 Rc4 26. Red1 Bc7 27. Bd3
Rc6 28. b4 Kc8 29. Kb2 h5 30. Rd2 Kb7 31. b5 axb5 32. Rxb5+ Rb6 33. Rxb6+ Kxb6
34. Kb3 h4 35. gxh4 Rxh4 36. a4 d5 37. exd5 Rd4 38. Kc2 Rxa4 39. Re2 1/2-1/2

[Event "FRA-chT1 0910"]
[Site "France"]
[Date "2009.10.18"]
[Round "3.2"]
[White "Tranchant, Sebastien"]
[Black "Piankov, Evgenij"]
[Result "0-1"]
[WhiteElo "2244"]
[BlackElo "2367"]
[PlyCount "82"]
[EventDate "2009.09.27"]
[EventType "team-match"]
[EventRounds "11"]
[EventCountry "FRA"]
[SourceDate "2009.07.26"]

1. c4 c6 2. Nf3 d5 3. e3 Nf6 4. Nc3 a6 5. b3 Bg4 6. Be2 e6 7. Bb2 Bd6 8. Nd4
Bxe2 9. Ncxe2 O-O 10. f4 c5 11. Nf3 Nc6 12. Nc1 Bc7 13. g4 d4 14. g5 Nd7 15.
exd4 cxd4 16. Nd3 e5 17. fxe5 Ndxe5 18. Nfxe5 Nxe5 19. Nxe5 Re8 20. Qg4 Rxe5+
21. Kd1 Qxg5 22. Rg1 Qxg4+ 23. Rxg4 f5 24. Rxd4 Re7 25. Rd5 f4 26. Kc2 Rd8 27.
Rg5 Rdd7 28. Rg2 Rf7 29. Rf1 Rf5 30. Rf3 g5 31. h4 h6 32. hxg5 hxg5 33. Kd1 Kf7
34. Rh3 Kg6 35. Rh8 Rd8 36. Rgh2 Rxh8 37. Rxh8 Rf7 38. Ke2 Kf5 39. Bd4 Re7+ 40.
Kf3 g4+ 41. Kf2 Ke4 0-1

[Event "FRA-chT1 0910"]
[Site "France"]
[Date "2009.10.18"]
[Round "3.5"]
[White "Lavabre, Fabien"]
[Black "Lambert, Romain"]
[Result "1-0"]
[WhiteElo "2227"]
[BlackElo "2003"]
[PlyCount "67"]
[EventDate "2009.09.27"]
[EventType "team-match"]
[EventRounds "11"]
[EventCountry "FRA"]
[SourceDate "2009.07.26"]

1. e4 c5 2. c3 Nf6 3. e5 Nd5 4. Bc4 Nb6 5. Bb3 c4 6. Bc2 Nc6 7. Nf3 Qc7 8. Qe2
g5 9. h3 Bg7 10. Na3 Nxe5 11. Nxg5 d6 12. O-O a6 13. Re1 Bh6 14. d4 cxd3 15.
Bxd3 Nxd3 16. Qxd3 Bxg5 17. Bxg5 Be6 18. c4 Nd7 19. f4 Qc5+ 20. Kh2 Rg8 21.
Qxh7 O-O-O 22. Qe4 Bf5 23. Qd5 f6 24. Bh4 Rh8 25. Bg3 e5 26. fxe5 Qxd5 27. cxd5
fxe5 28. Rac1+ Kb8 29. Nc4 Nc5 30. Nxe5 Rdg8 31. Rxc5 dxc5 32. Nc6+ Kc8 33.
Ne7+ Kd7 34. Nxf5 1-0

[Event "FRA-chT1 0910"]
[Site "France"]
[Date "2009.10.18"]
[Round "3.6"]
[White "Garnier, Teddy"]
[Black "Emmenecker, Philippe"]
[Result "0-1"]
[WhiteElo "1907"]
[BlackElo "2163"]
[PlyCount "58"]
[EventDate "2009.09.27"]
[EventType "team-match"]
[EventRounds "11"]
[EventCountry "FRA"]
[SourceDate "2009.07.26"]

1. e4 c5 2. c3 d5 3. exd5 Qxd5 4. d4 Nc6 5. Nf3 e5 6. Nxe5 Nxe5 7. dxe5 Qxe5+
8. Be3 Bd7 9. Qb3 O-O-O 10. Na3 Bc6 11. Nc4 Qc7 12. Nd2 f5 13. Bc4 f4 14. Bxg8
fxe3 15. fxe3 Be7 16. Be6+ Kb8 17. O-O-O Bxg2 18. Rhg1 Qxh2 19. Nc4 Rxd1+ 20.
Rxd1 Rf8 21. Na5 Rd8 22. Rxd8+ Bxd8 23. Qb5 Be4 24. Nc6+ Bxc6 25. Qxc5 Qh1+ 26.
Kd2 Qg2+ 27. Kc1 Qf1+ 28. Kc2 Bc7 29. Bc4 Be4+ 0-1

[Event "FRA-chT1 0910"]
[Site "France"]
[Date "2009.10.18"]
[Round "3.7"]
[White "Deflesselle, Tanguy"]
[Black "Sola, Flavien"]
[Result "1-0"]
[WhiteElo "2148"]
[BlackElo "1946"]
[PlyCount "80"]
[EventDate "2009.09.27"]
[EventType "team-match"]
[EventRounds "11"]
[EventCountry "FRA"]
[SourceDate "2009.07.26"]

1. e4 e5 2. Nf3 Nc6 3. d4 exd4 4. Nxd4 Bc5 5. Be3 Qf6 6. c3 Nge7 7. Bc4 d6 8.
O-O Ne5 9. Be2 N7g6 10. b4 Bb6 11. f4 Nc6 12. b5 Nxd4 13. cxd4 Qe7 14. Qd3 f5
15. e5 Be6 16. Nd2 Rd8 17. Qc3 O-O 18. Nc4 Rc8 19. Bf3 d5 20. Na5 c5 21. bxc6
bxc6 22. Nb3 Rfd8 23. Rfc1 c5 24. Nxc5 Bxc5 25. dxc5 d4 26. Bxd4 Nxf4 27. c6
Qc7 28. Qe3 g5 29. Bxa7 Rd3 30. Qc5 Rxf3 31. gxf3 Ne2+ 32. Kf2 Nxc1 33. Rxc1
Ra8 34. Bb6 Qf7 35. Qd6 Rxa2+ 36. Ke1 Ra8 37. c7 Rc8 38. Qd8+ Kg7 39. Qxg5+ Qg6
40. Qe7+ Qf7 1-0

[Event "FRA-chT1 0910"]
[Site "France"]
[Date "2009.10.18"]
[Round "3.8"]
[White "Marchais, Aurelie"]
[Black "Wasylyk, Laure"]
[Result "0-1"]
[WhiteElo "1779"]
[BlackElo "2006"]
[PlyCount "96"]
[EventDate "2009.09.27"]
[EventType "team-match"]
[EventRounds "11"]
[EventCountry "FRA"]
[SourceDate "2009.07.26"]

1. e4 e5 2. Nc3 Bc5 3. g3 Nf6 4. Bg2 d6 5. Nge2 Nc6 6. O-O a6 7. d3 Be6 8. Nd5
Bg4 9. h3 Bh5 10. g4 Bg6 11. Ng3 Nxd5 12. exd5 Ne7 13. Kh2 Qd7 14. Be3 O-O-O
15. c4 f5 16. gxf5 Nxf5 17. Bxc5 dxc5 18. Ne4 Qe7 19. Qg4 Kb8 20. Qg5 Qxg5 21.
Nxg5 Nd4 22. Be4 Bxe4 23. Nxe4 b6 24. a3 a5 25. f4 exf4 26. Rxf4 Rhf8 27. Raf1
Rxf4 28. Rxf4 Rd7 29. Kg2 Kb7 30. Ng5 h6 31. Rf7 Rxf7 32. Nxf7 Kc8 33. Ne5 Kd8
34. Kg3 Ke7 35. Kf4 g5+ 36. Ke4 Kf6 37. b4 cxb4 38. axb4 Nb3 39. bxa5 bxa5 40.
Nc6 a4 41. Nb4 a3 42. d4 Nc1 43. Nc2 a2 44. Na1 Ne2 45. c5 Nc3+ 46. Kf3 Nxd5
47. Kg4 Nf4 48. h4 Ne6 0-1